Catálogo público

Evaluación de tierras para la planificación del uso rural ; un método ecológico (Record no. 13695)

MARC details
000 -CABECERA
campo de control de longitud fija 01422cam a22004097a 4500
003 - IDENTIFICADOR DEL NÚMERO DE CONTROL
campo de control CHAP
005 - FECHA Y HORA DE LA ÚLTIMA TRANSACCIÓN
campo de control 20220817041418.0
008 - DATOS DE LONGITUD FIJA--INFORMACIÓN GENERAL
campo de control de longitud fija 971013s r 00010 d
010 ## - NÚMERO DE CONTROL DE LA BIBLIOTECA DEL CONGRESO
Número de control de LC 13695
011 ## - ENLACE DEL NUMERO DE CONTROL DE LA BIBLIOTECA DEL CONGRESO [OBSOLETO]
Número de control de LC 14667
035 ## - NÚMERO DE CONTROL DEL SISTEMA
Número de control de sistema 18741
040 ## - FUENTE DE LA CATALOGACIÓN
Centro/agencia transcriptor CHAP
082 ## - NÚMERO DE LA CLASIFICACIÓN DECIMAL DEWEY
Número de clasificación 333
Número de documento/Ítem B4
100 00 - ENTRADA PRINCIPAL--NOMBRE DE PERSONA
Nombre de persona Beek, Klaas Jan.
9 (RLIN) 11249
245 #0 - MENCIÓN DE TÍTULO
Título Evaluación de tierras para la planificación del uso rural ; un método ecológico
260 ## - PUBLICACIÓN, DISTRIBUCIÓN, ETC.
Lugar de publicación, distribución, etc. Santiago :
Nombre del editor, distribuidor, etc. FAO. Oficina Regional para América Latina,
Fecha de publicación, distribución, etc. (s.a.)
300 ## - DESCRIPCIÓN FÍSICA
Extensión 74 p. anexos
410 ## - MENCIÓN DE SERIE/PUNTO DE ACCESO ADICIONAL--ENTIDAD CORPORATIVA [OBSOLETO, CAN/MARC], [LOCAL, USA]
Nombre de entidad corporativa o nombre de jurisdicción como elemento de entrada FAO
490 #0 - MENCIÓN DE SERIE
Mención de serie Boletín Latinoamericano sobre Fomento de Tierras y Aguas
Designación de volumen o secuencia ; 3
500 ## - NOTA GENERAL
Nota general Proyecto Regional FAO/PNUD RLA 70/457
590 ## - NOTA LOCAL (RLIN)
Nota local BATCH-UPD
Procedencia (VM) [OBSOLETO] 10
Condición del los carretes individuales (VM) [OBSOLETO] 20130109
-- UCH01
-- 2336
590 ## - NOTA LOCAL (RLIN)
Nota local BATCH-UPD
Procedencia (VM) [OBSOLETO] 10
Condición del los carretes individuales (VM) [OBSOLETO] 20130110
-- UCH01
-- 1431
590 ## - NOTA LOCAL (RLIN)
Nota local BATCH-UPD
Procedencia (VM) [OBSOLETO] 10
Condición del los carretes individuales (VM) [OBSOLETO] 20130410
-- UCH01
-- 0907
590 ## - NOTA LOCAL (RLIN)
Nota local BATCH-UPD
Procedencia (VM) [OBSOLETO] 10
Condición del los carretes individuales (VM) [OBSOLETO] 20130914
-- UCH01
-- 0555
590 ## - NOTA LOCAL (RLIN)
Nota local CONVERSION
Procedencia (VM) [OBSOLETO] 10
Condición del los carretes individuales (VM) [OBSOLETO] 20130109
-- UCH01
-- 1309
650 14 - PUNTO DE ACCESO ADICIONAL DE MATERIA--TÉRMINO DE MATERIA
Término de materia o nombre geográfico como elemento de entrada Tierras
Subdivisión general Aprovechamiento.
9 (RLIN) 113069
650 14 - PUNTO DE ACCESO ADICIONAL DE MATERIA--TÉRMINO DE MATERIA
Término de materia o nombre geográfico como elemento de entrada Tierras
Subdivisión general Clasificación.
9 (RLIN) 113095
650 14 - PUNTO DE ACCESO ADICIONAL DE MATERIA--TÉRMINO DE MATERIA
Término de materia o nombre geográfico como elemento de entrada Tierras
Subdivisión general Valoración.
9 (RLIN) 113268
700 0# - PUNTO DE ACCESO ADICIONAL--NOMBRE DE PERSONA
Nombre de persona Bennema, Jakob.
9 (RLIN) 11601
710 0# - PUNTO DE ACCESO ADICIONAL--NOMBRE DE ENTIDAD CORPORATIVA
Nombre de entidad corporativa o nombre de jurisdicción como elemento de entrada FAO.
810 0# - PUNTO DE ACCESO ADICIONAL DE SERIE--NOMBRE DE ENTIDAD CORPORATIVA
Nombre de entidad corporativa o nombre de jurisdicción como elemento de entrada FAO
830 0# - PUNTO DE ACCESO ADICIONAL DE SERIE-TÍTULO UNIFORME
Título uniforme Boletín Latinoamericano sobre Fomento de Tierras y Aguas
Designación de volumen o secuencia ; 3
9 (RLIN) 13554
901 ## - ELEMENTOS DE DATOS A LOCAL LDA (RLIN)
a BK
942 ## - ELEMENTOS DE PUNTO DE ACCESO ADICIONAL (KOHA)
Tipo de ítem Koha Libro
949 ## - PROCESAMIENTO DE INFORMACIÓN LOCAL (OCLC)
a 333 B4
b BC
c LIBRO
d -43602
e LIBRO
h 28935
i 18741
s i
949 ## - PROCESAMIENTO DE INFORMACIÓN LOCAL (OCLC)
a 333 B4
b BC
c LIBRO
d -43603
e LIBRO
f c.2
h 31620
i 18741
s i
Holdings
Estado de retiro Estado de pérdida Fuente del sistema de clasificación o colocación Estado dañado Restricciones de uso No para préstamo Código de colección Localización permanente Ubicación/localización actual Ubicación en estantería Fecha de adquisición Información codificada de la localización en otra ubicación Total de préstamos Signatura topográfica completa Código de barras Fecha visto por última vez Precio válido a partir de Tipo de ítem Koha Número de copia
    Dewey Decimal Classification   Préstamo 15 días   General Biblioteca Central Biblioteca Central Planta alta - Colección General 31/12/2019 LIBRO   333 B4 -43602 31/12/2019 31/12/2019 Libro  
    Dewey Decimal Classification   Préstamo 15 días   General Biblioteca Central Biblioteca Central Planta alta - Colección General 31/12/2019 LIBRO   333 B4 -43603 31/12/2019 31/12/2019 Libro c.2